000 00730nam a2200205Ia 4500
003 GCL
008 140319s9999 xx 000 0 ara d
040 _aGCL /
_cGCL
082 0 4 _a245
_bم ح
100 1 _aمحمود اسماعيل
245 1 0 _aالحركات السرية فى الاسلام /
_cمحمود اسماعيل
250 _aالخامسة
260 _aالقاهرة :
_bسينا للنشر ،
_c1997
300 _a221 ص ؛
_c20 سم
650 0 4 _aالاسلام والمذاهب السياسية
650 0 4 _aالتاريخ الاسلامى
650 0 4 _aالاسلام - حركات الاحياء والاصلاح والتجديد
650 0 4 _aالاسلام - دعوات سلفية
942 _2ddc
_cBK
999 _c8036
_d8036